000 00613nam a2200181Ia 4500
008 090630s9999 xx 000 0 und d
082 _b14302
100 _aकुकडे अ. वि.
245 _aचक्रमणी विक्रम.
_cकुकडे अ. वि.
260 _bजयहिंद - मुंबई.
_c1994
300 _a24
600 _aकुकडे अ. वि.
630 _aचक्रमणी विक्रम.
655 _aबालवाङमय.
700 _aकुकडे अ. वि.
730 _aचक्रमणी विक्रम.
942 _cBOOK
999 _c266158
_d266158